Statistics for Terraria Bosses

Click here to take the quiz!

General Stats

  • This quiz has been taken 4,219 times
    (4,209 since last reset)
  • The average score is 18 of 28

Answer Stats

HintAnswer% Correct
Boss made of slimeKing Slime
98%
Final BossMoon Lord
90%
Must be defeated to enter dungeonSkeletron
90%
Must be defeated to enter hardmodeWall Of Flesh
90%
Found in hivesQueen Bee
89%
Corruption bossEater Of Worlds
88%
Temple bossGolem
87%
Must be defeated to enter templePlantera
85%
Hardmode verison of aboveSkeletron Prime
84%
Can be summoned by fishingDuke Fishron
83%
Hardmode version of aboveThe Twins
83%
Easiest boss in gameEye Of Cthulhu
81%
Hardmode version of aboveThe Destroyer
79%
Crimson BossBrain Of Cthulhu
78%
Must be deafeted to start Lunar eventLunatic Cultist
71%
Lunar Event bossSolar Pillar
56%
Lunar Event bossNebula Pillar
51%
Lunar Event bossStardust Pillar
51%
Lunar Event bossVortex Pillar
51%
Boss during frost moonIce Queen
50%
Pirate invasion BossFlying Dutchman
47%
Nearly impossible to defeatDungeon Guardian
42%
Boss during frost moonEverscream
37%
Martian Madness BossMartian Saucer
37%
Boss during frost moonSanta-NK1
34%
Boss during pumpkin moonPumking
32%
Boss during pumpkin moonHeadless Horseman
25%
Boss during pumpkin moonMourning Woods
10%

Score Distribution

Percentile by Number Answered

Percent of People with Each Score

Your Score History

You have not taken this quiz since the last reset